Ενώπιον των αγγέλων : διηγήματα

Αποθηκεύτηκε σε:
Λεπτομέρειες βιβλιογραφικής εγγραφής
Κύριος συγγραφέας: Πέτροβιτς-Ανδρουτσοπούλου, Λότη, 1937-
Μορφή: Βιβλίο
Γλώσσα:Greek
Δημοσίευση: Αθήνα : Πατάκης, 1999.
Σειρά:Σύγχρονη ελληνική λογοτεχνία. Πεζογραφία (Εκδόσεις Πατάκη) ; 56
Θέματα:
Ετικέτες: Προσθήκη ετικέτας
Δεν υπάρχουν, Καταχωρήστε ετικέτα πρώτοι!

MARC

LEADER 00000cam a2200000 i 4500
001 1/71230
008 050222s1998 gr | ||| |||| ||gre||
020 |a 9606008193 
035 |l 10076469 
040 |a GR-MY-UA  |b gre  |e aacr 
041 0 |a gre 
082 7 |a 889.3   |2 (21) 
100 1 |a Πέτροβιτς-Ανδρουτσοπούλου, Λότη,   |d 1937- 
245 1 0 |a Ενώπιον των αγγέλων :   |b διηγήματα /   |c Λότη Πέτροβιτς-Ανδρουτσοπούλου.  
260 |a Αθήνα :   |b Πατάκης,   |c 1999.  
300 |a 124 σ. ;   |c 21 εκ. 
490 1 |a (Σύγχρονη ελληνική λογοτεχνία. Πεζογραφία / Εκδόσεις Πατάκη ;   |v  56) 
650 0 0 |a Greek literature, Modern. 
830 0 |a Σύγχρονη ελληνική λογοτεχνία.   |p Πεζογραφία (Εκδόσεις Πατάκη)  |v  ; 56 
852 |a INST  |b RHODES  |e 20220518  |h 889.3 ΠΕΤ  |p 005400042819  |q 005400042819  |t BK  |y 0 
852 |a INST  |b SAMOS  |e 20050222  |h 889.3 ΠΕΤ  |p 005300025383  |q 005300025383  |t BK  |y 0 
901 |a BIBL3-2005-1 
909 |a Σ  |b 114322 
922 |a 3ΕΛΗ  |b 200411  |c ΚΥΒ/ΒΙΒΛΙΟΘΗΚΗ  |d ΠΑΠΑΓΕΩΡΓΙΟΥ 
950 |a 127-2004-11-04 
970 |a ΚΟΣΙΕΡΗΣ  |b ΧΡΗΣΤΟΣ  |z 2005/02/28